LEADER 01528nam 2200349 n 450 001 996390360503316 005 20200824121324.0 035 $a(CKB)4940000000100543 035 $a(EEBO)2240956073 035 $a(UnM)99833369e 035 $a(UnM)99833369 035 $a(EXLCZ)994940000000100543 100 $a19960122d1700 uy | 101 0 $aeng 135 $aurbn||||a|bb| 200 14$aThe triumphs of London, for the inauguration of the Right Honourable Sir Thomas Abney$b[electronic resource] $eKt. Lord Mayor of the City of London. Containing a description of the pageants, together with the publick speeche[s,] and the whole solemnity of t[he] day. Performed on Tuesday the 29th of October, 1700. All set forth at the proper cost and charge of the honourable Company of Fishmongers. Published by authority 210 $aLondon $cprinted for R. Barnham in Little Britain$d1700 215 $a[6], 6 p 300 $aDedicatory letter signed: E. Settle. 300 $aImperfect: title page stained, and torn with loss of text. 300 $aReproduction of the original in the Guildhall Library, London. 330 $aeebo-0059 606 $aPageants$zEngland$zLondon$vEarly works to 1800 615 0$aPageants 700 $aSettle$b Elkanah$f1648-1724.$0815635 801 0$bCu-RivES 801 1$bCu-RivES 801 2$bWaOLN 906 $aBOOK 912 $a996390360503316 996 $aThe triumphs of London, for the inauguration of the Right Honourable Sir Thomas Abney$92376887 997 $aUNISA LEADER 03255nam 2200757Ia 450 001 9910792243603321 005 20230721015409.0 010 $a1-281-34242-4 010 $a9786611342425 010 $a0-19-804369-4 035 $a(CKB)2560000000299454 035 $a(EBL)415440 035 $a(OCoLC)476242431 035 $a(SSID)ssj0000179682 035 $a(PQKBManifestationID)11179343 035 $a(PQKBTitleCode)TC0000179682 035 $a(PQKBWorkID)10148221 035 $a(PQKB)11221009 035 $a(StDuBDS)EDZ0000075980 035 $a(Au-PeEL)EBL415440 035 $a(CaPaEBR)ebr10215776 035 $a(CaONFJC)MIL134242 035 $a(MiAaPQ)EBC415440 035 $a(EXLCZ)992560000000299454 100 $a20071217d2008 uy 0 101 0 $aeng 135 $aur|n|---||||| 181 $ctxt 182 $cc 183 $acr 200 10$aInsanity$b[electronic resource] $emurder, madness, and the law /$fCharles Patrick Ewing 210 $aNew York $cOxford University Press$d2008 215 $a1 online resource (215 p.) 300 $aDescription based upon print version of record. 311 $a0-19-532613-X 311 $a0-19-989359-4 320 $aIncludes bibliographical references and index. 327 $aContents; Acknowledgments; Preface; Introduction; 1. JACOB RUBENSTEIN; 2. ROBERT TORSNEY; 3. DAVID BERKOWITZ; 4. JOHN WAYNE GACY, JR; 5. ARTHUR SHAWCROSS; 6. SCOTT PANETTI; 7. ERIC SMITH; 8. ANDREW GOLDSTEIN; 9. ERIC MICHAEL CLARK; 10. ANDREA YATES; Epilogue; Notes; Index; A; B; C; D; E; F; G; H; I; K; L; M; N; O; P; Q; R; S; T; V; W; Y 330 $aThe insanity defense is one of the oldest fixtures of the Anglo-American legal tradition. Though it is available to people charged with virtually any crime, and is often employed without controversy, homicide defendants who raise the insanity defense are often viewed by the public and even the legal system as trying to get away with murder. Often it seems that legal result of an insanity defense is unpredictable, and is determined not by the defendants mental state, but by their lawyers and psychologists influence. From the thousands of murder cases in which defendants have claimed insanity, 606 $aInsanity (Law)$zUnited States 606 $aInsanity defense$zUnited States 606 $aMentally ill$xCommitment and detention$zUnited States 606 $aMalalties mentals$2thub 606 $aAlienació mental (Dret)$2thub 606 $aDefensa penal$2thub 606 $aInternament de malalts mentals$2thub 606 $aDetenció de persones$2thub 607 $aEstats Units d'Amèrica$2thub 608 $aLlibres electrònics$2thub 615 0$aInsanity (Law) 615 0$aInsanity defense 615 0$aMentally ill$xCommitment and detention 615 7$aMalalties mentals 615 7$aAlienació mental (Dret) 615 7$aDefensa penal 615 7$aInternament de malalts mentals 615 7$aDetenció de persones 676 $a345.73/04 700 $aEwing$b Charles Patrick$f1949-$01534361 801 0$bMiAaPQ 801 1$bMiAaPQ 801 2$bMiAaPQ 906 $aBOOK 912 $a9910792243603321 996 $aInsanity$93796375 997 $aUNINA